| 000 | 00691nam a2200193Ia 4500 | ||
|---|---|---|---|
| 003 | GCL | ||
| 008 | 140319s9999 xx 000 0 ara d | ||
| 040 |
_aGCL / _cGCL |
||
| 082 | 0 | 4 |
_a760.28 _bر ت |
| 100 | 1 | _aرامى الجبالى | |
| 245 | 1 | 0 |
_aالتصميم المطبعى : _bمشاريع تعليمية / _cرامى الجبالى |
| 700 | 1 | _aعامر خطاب | |
| 260 |
_aالاردن : _bمكتبة المجتمع العربى للنشر والتوزيع ، _c2005 |
||
| 300 |
_a219 ص ؛ _c24 سم |
||
| 650 | 0 | 4 | _aالطباعة |
| 650 | 0 | 4 | _aالحاسبات الالكترونية - طابعات |
| 650 | 0 | 4 | _aالطباعة - اجهزة ومعدات |
| 942 |
_2ddc _cBK |
||
| 999 |
_c34421 _d34421 |
||